| 000 | 00800nam a22001577a 4500 | ||
|---|---|---|---|
| 003 | OSt | ||
| 005 | 20151104152913.0 | ||
| 008 | 151104b xxu||||| |||| 00| 0 eng d | ||
| 040 | _cRUA | ||
| 082 | _aFOR NHE 1997 B123 Or.1 | ||
| 100 |
_93358 _aNHEM, TARARITH. |
||
| 245 | _aAn enviromental comparison industrial cashew farming with the waste natural forest along road N 4 and natural forest, ការប្រៀបធៀបបរិស្ថានចំការឧស្សាហកម្មស្វាយចន្ទីជាមួយព្រៃធម្មជាតិរិចរិលនៅតាមបណ្ដោយផ្លូវជាតិលេខ៤ និងព្រៃធម្មជាតិ | ||
| 260 |
_aPhnom Penh _bRUA _c1997 |
||
| 300 |
_a82p. _bill. _c29cm. |
||
| 942 |
_2ddc _cFOR |
||
| 999 |
_c3130 _d3130 |
||